| 000 | 01278nam a22002777a 4500 | ||
|---|---|---|---|
| 005 | 20170410122643.0 | ||
| 008 | 140714b xxu||||| |||| 00| 0 Urdu d | ||
| 010 | _aUR-111 B-547979 B-665888 | ||
| 020 |
_a9789350732090 _c350.00 |
||
| 035 | _aU-111 B-547979 B-665888 | ||
| 037 | _bBPPD/Pub/Ven | ||
| 037 | _bPansy Books(Vend.)/Edu.pub.House(Pub.) | ||
| 040 |
_aDPL _bUrdu |
||
| 082 | _a844 | ||
| 100 | _aز یبا محمو د | ||
| 245 |
_aسفينہء نقد _cز یبا محمو د |
||
| 246 |
_aSafina-e- Naqud _bby Zeba Mehmood |
||
| 260 |
_aد ھلی _bا يجو کيشنل پبليشنگ ہا ؤس _c2013 |
||
| 260 | _bPansy Books(Vender) | ||
| 270 |
_a3108،و کيل اسٹر يٹ ،کو چہ پنڈ ت ،لال کنو ا ن _bد ھلی _e110006 _k23216162،23214465 |
||
| 270 |
_aR2,/66/A Somesh Vihar,Chhawala _bNew Delhi _e110071 _k01125317355 |
||
| 300 |
_a352ص _c22Cm (Hb) |
||
| 942 |
_2ddc _cUR _e _h844 _mم ح م |
||
| 999 |
_c87342 _d87342 |
||